000 02790cam a2200565 i 4500
001 19584918
003 NUST
005 20220825113220.0
008 170405s2016 nyu f 001 0 eng d
010 _a 2017301387
020 _a9780062420909
_q(pbk.)
035 _a(OCoLC)ocn928131544
038 _aAzhar
040 _aBTCTA
_beng
_cBTCTA
_erda
_dOCLCQ
_dGK8
_dOCLCF
_dJQW
_dBKL
_dBTCTA
_dIGA
_dDAD
_dDLC
042 _alccopycat
043 _an-us---
050 0 0 _aLB2350.5
_b.G74 2016
082 0 4 _a378.161
_223
_bGRE
100 1 _aGreene, Howard,
_d1937-
_eauthor.
_995959
245 1 4 _aThe hidden ivies :
_b63 of America's top liberal arts colleges and universities
_cHoward R. Greene, M.A., M.Ed., and Matthew W. Greene, Ph.D.
246 3 0 _a63 of America's top liberal arts colleges and universities
246 3 _aSixty-three of America's top liberal arts colleges and universities
250 _aThird edition.
260 _aNew York, NY :
_bCollins Reference,
_c2016
264 4 _c©2016
300 _axii, 563 pages ;
_c24 cm
336 _atext
_btxt
_2rdacontent
337 _aunmediated
_bn
_2rdamedia
338 _avolume
_bnc
_2rdacarrier
490 1 _aGreenes' guides to educational planning
500 _aIncludes index.
500 _aEarlier ed.: The hidden ivies : fifty top colleges from Amherst to Williams that rival the Ivy League, 2009.
505 0 _aThe liberal arts: what is a liberal arts education and why is it important today? -- What makes an Ivy and Ivy? (and a hidden Ivy a hidden Ivy?) -- Individual college descriptions -- Understanding and successfully managing the selective college admissions process.
650 0 _aCollege choice
_zUnited States
_vHandbooks, manuals, etc.
_995960
650 0 _aUniversities and colleges
_zUnited States
_xEntrance requirements
_vHandbooks, manuals, etc.
_995961
650 0 _aUniversities and colleges
_zUnited States
_xAdmission
_vHandbooks, manuals, etc.
_995962
650 7 _aEDUCATION / Higher.
_2bisacsh
650 7 _aSTUDY AIDS / College Guides.
_2bisacsh
_995963
650 7 _aCollege choice.
_2fast
_0(OCoLC)fst00867744
_995964
650 7 _aUniversities and colleges
_xAdmission.
_2fast
_0(OCoLC)fst01161621
_982380
650 7 _aUniversities and colleges
_xEntrance requirements.
_2fast
_0(OCoLC)fst01161724
_982381
651 7 _aUnited States.
_2fast
_0(OCoLC)fst01204155
655 7 _aHandbooks and manuals.
_2fast
_0(OCoLC)fst01423877
_9280
655 7 _aHandbooks and manuals.
_2lcgft
_9280
700 1 _aGreene, Matthew W.,
_d1968-
_eauthor.
_995965
830 0 _aGreenes' guides to educational planning.
_995966
906 _a7
_bcbc
_ccopycat
_d2
_encip
_f20
_gy-gencatlg
942 _2ddc
_cLC
999 _c590716
_d590716